MDQL
is popping MORE tags! Check the
thread
!
Quizzes
Events
Quiz Creation
Community
Videos
Private Events
Remove Ads
Sign In
Join for FREE
Feedback
Dark Mode
Quiz Categories
Sports
Geography
Music
Movies
Television
Just For Fun
Miscellaneous
History
Literature
Language
Science
Gaming
Entertainment
Religion
Holiday
For Kids
Quiz Lab
Recent
Popular Today
Quiz Kudos Today
Editor Picks
Curator Picks
Quizzes by...
Day
Popularity
Type
Ratings
Length
Year
Community
Subscriptions
Recent Discussions
Orange Saloon
Badges
Playlists
Quests
Create
Leaderboards
Showdown
Live 5
Trivia Bingo
Activity
Puzzle Library
Sporcle Events
Private Events
Virtual Trivia
Globe League
Become a Host
Pub Owners
SporcleCon
Opinionation
Our Games
Videos
Blog
Mobile Apps
Partnerships
Remove Ads and Go Orange
Feedback
Sports
Athletes
MLB
NBA
NHL
NFL
Soccer
Sports Teams
WWE
NCAA
Football
Premier League
Basketball
Baseball
Hockey
Golf
Tennis
Cricket
Rugby
Auto Racing
Olympics
World Cup
Sports
Athletes
MLB
NBA
NHL
NFL
Soccer
Sports Teams
WWE
NCAA
Football
Premier League
Basketball
Baseball
Hockey
Golf
Tennis
Cricket
Rugby
Auto Racing
Olympics
World Cup
Random Quiz
Search Sporcle
×
Quiz Lab
Quiz Lab
Sports
Basketball
Select answers by clicking on text or image buttons
Select answers by clicking on text or image buttons
Clickable
Best Score? Go Orange.
2013 NCAA Tournament Players Stats
Can you pick the player for each 2013 NCAA Tournament team?
By
supaspike
10m
68 Questions
177 Plays
177 Plays
177 Plays
Comments
Comments
Give Quiz Kudos
Give Quiz Kudos
-
- Ratings
hide this ad
Forced Order
Answers have to be entered in order
Answers have to be entered in order
Replay
Link that replays current quiz
Next Quiz
Link to next quiz in quiz playlist
You Got
0%
They Got
Avg Score
49%
Avg Friend Score
Upgrade to see
Score Distribution
Jump to the score distribution portion of the page
Score
0/68
Timer
10:00
0
Plays Today
% Correct
Duke
84.7%
Michigan
82.5%
Kansas
81.9%
Miami
81.4%
Georgetown
80.2%
Creighton
80.2%
Gonzaga
80.2%
Indiana
79.7%
UCLA
79.7%
Louisville
79.1%
North Carolina
77.4%
Oklahoma State
77.4%
Michigan State
74.6%
North Carolina State
74%
Syracuse
73.4%
Ole Miss
72.3%
Saint Mary's
71.2%
Ohio State
70.6%
Missouri
70.6%
UNLV
69.5%
Marquette
67.2%
Cincinnati
63.3%
Arizona
62.1%
Illinois
61%
Florida
61%
South Dakota State
59.3%
California
58.8%
Kansas State
54.2%
Butler
51.4%
San Diego State
51.4%
Bucknell
50.8%
Oregon
48.6%
Colorado
48.6%
Minnesota
47.5%
% Correct
Pittsburgh
47.5%
Wisconsin
46.9%
Memphis
46.9%
Temple
44.1%
Villanova
43.5%
Belmont
42.9%
Harvard
40.1%
Florida Gulf Coast
37.3%
Oklahoma
36.2%
Iona
36.2%
Davidson
35%
Colorado State
33.3%
Wichita State
31.1%
Akron
31.1%
Iowa State
31.1%
Notre Dame
30.5%
Montana
29.9%
New Mexico
29.4%
Albany
29.4%
Southern
29.4%
VCU
28.8%
Boise State
28.2%
Saint Louis
24.3%
James Madison
20.9%
New Mexico State
20.9%
Long Island-Brooklyn
20.3%
La Salle
20.3%
Western Kentucky
19.2%
Valparaiso
18.6%
Middle Tennessee State
16.9%
Liberty
14.7%
Northwestern State
14.7%
North Carolina A&T
14.1%
Pacific
12.4%
Quiz Playlist
Details
Report
Send in Message
Add To Playlist
Clickable:
Select answers by clicking on text or image buttons
Forced Order:
Answers have to be entered in order
Quiz Source
Last Updated: Feb 16, 2017
Quiz Scoreboard
CHALLENGE
Sign Up to Join the Scoreboard
Show All
Scores
Hide
Comments
May contain spoilers
Recently Published
Colored Red Africa Blitz
by spor1
Geography
30s
Find the 'City' Movie
by crazypaving
Movies
60s
5x2 Blitz: Bands
by SL_Kpop136
Music
30s
More to Explore
Quiz From the Vault
Featured Blog Post
14 Easter Pick-up Lines to Find Eggs With
hide this ad
You Might Also Like...
Tags
Basketball Quiz
College Quiz
NCAA Quiz
2013
NCAA Basketball
NCAA Tournament
Player
Tournament
Today's Top Quizzes in Sports
Browse Sports
hide this ad
Today's Top Quizzes in Basketball
Browse Basketball
Top Contributed Quizzes in Sports
1
Players with Multiple 50 Home Run Seasons
2
Les entraîneurs de l'OM et du PSG au 21e siècle
3
Criteria MLB: Left Handed Sluggers
4
2022 World Cup Stars
5
Les meilleurs buteurs des matchs entre le PSG et l’OM
6
Who Hit More Homers?
7
Les joueurs passés par le PSG et l'OM
8
NBA Logic Puzzle 2.0
9
Top 10 NHL Goal Scorers of All Time
10
MLB Players with Two .350 Batting Average Seasons
Explore More
Trending Topics
Disney
Marvel
Harry Potter
NBA
Kpop
Crossword
Anime
NFL
Pokémon
Country
Soccer
Song
WWE
The Office
Puzzle
hide this ad
More By:
supaspike
Quiz
Plays
Rating
Category
Featured
Created
98 Beatles Songs in 10 Minutes
1,178
4.25
Music
Apr 7, 2012
Classic Spongebob Episodes
1,131
4.40
Television
May 16, 2011
Let's Go to the Mall!
779
4.60
Television
Aug 2, 2011
Who Eliminated Whom, 2013 NCAA Tournament
725
4.33
Sports
Apr 9, 2013
Big 4 Sports Championship Losers
497
5.00
Sports
Aug 4, 2011
Go to Creator's Profile
Score Distribution
Quiz Creator Spotlight
supaspike
Follow
Send a Message
Quizzes Created
-
Created Quiz Play Count
-
More By This Creator
Popular Quizzes Today
1
Colored Red Africa Blitz
2
Find the 'City' Movie
3
Find the US States - No Outlines Minefield
4
5x2 Blitz: Bands
5
The Countries of the World
6
Find the US States
7
US States
8
9x9 Crossword: Cartoon Network
More Sports Quizzes
Arsenal Career Paths I
Quiz Lab
Trending Quizzes
Colored Red Europe Blitz I
Colored Red Europe Blitz II
Colored Red Africa Blitz II
Colored Red Africa Blitz III
Colored Red Europe Blitz III
Recently Updated
Godzilla Movies
pecheneg
Grab Bag: 4-10 Letters
pecheneg
2024 March Madness Bracket
pecheneg
Famous TV Couples
Peacemaker
Champions League XIs: Real Madrid
pecheneg
Largest US Cities 1790-2010
pecheneg
Rides in Walt Disney World
pecheneg
Most Oscar Losses (Acting)
pecheneg
Beyoncé Albums
pecheneg
Leaping Animals
pecheneg
Trending Topics
NBA
Kpop
Marvel
Disney
Anime
Harry Potter
Crossword
NFL
Song
WWE
Country
Pokémon
Soccer
Puzzle
The Office
Your Account Isn't Verified!
In order to create a playlist on Sporcle, you need to verify the email address you used during registration. Go to your
Sporcle Settings
to finish the process.
Report this User
Report this user for behavior that violates our
Community Guidelines
.
Details:
Send Report
Go to the Sporcle.com Mobile Site →
Comments